Province senza sbocco sul mare - Morte improvvisa - Statistics

Statistiche generali
  • Questo quiz è stato fatto 293 volte
  • Il punteggio medio è 10 su 21
Answers on the Grid
Answers color-coded by a green-red scale on the quiz's grid according to % correct below.
Torino
Pavia
Brescia
Belluno
Pordenone
Piacenza
Bologna
Pistoia
Arezzo
Terno
Rieti
Frosinone
L'Aquila
Avellino
Benevento
Enna
Reggio Emilia
Isernia
Aosta
Vercelli
Treviso
Imperia
Lucca
Grosseto
Latina
Salerno
Vibo Valentia
Caltanissetta
Catania
Sassari
Cagliari
Crotone
Matera
Brindisi
Campobasso
Chieti
Fermo
Forlì-Cesena
Ferrara
Udine
Trieste
Oristano
 
Statistiche sulle risposte
Risposta % Corretto
Aosta
67%
Torino
63%
Reggio Emilia
61%
Piacenza
59%
Bologna
57%
Vercelli
57%
Brescia
53%
Pavia
53%
Belluno
51%
L'Aquila
47%
Arezzo
44%
Treviso
43%
Pistoia
41%
Enna
39%
Rieti
38%
Isernia
37%
Avellino
36%
Pordenone
35%
Terno
33%
Benevento
27%
Frosinone
18%
Nessun quiz corrispondente trovato
Distribuzione punteggi
Percentuale di utenti per punteggio
Percentile per numero di risposta
I tuoi punteggi nel tempo
Non hai fatto questo quiz